| 000 | 00384nam a22001337a 4500 | ||
|---|---|---|---|
| 008 | 230602b xxu||||| |||| 00| 0 eng d | ||
| 020 | _a9966467637 | ||
| 082 |
_a323.044 _bMAL |
||
| 100 | _cWunyarabari O. Maloba | ||
| 245 |
_aMau Mau And Kenya _bAn Analysis of a Peasant Revolt |
||
| 260 |
_aNairobi _bEast African Educational Publishers Ltd _c1993 |
||
| 300 | _a228 pages | ||
| 942 |
_2ddc _cBK |
||
| 999 |
_c48 _d48 |
||